Dân tộc học đại cương

Trình bày những nội dung cơ bản của bộ môn dân tộc học, từ lịch sử hình thành đến các chỉ tiêu để xác định tộc người, và các loại hình cộng đồng người, từ các vấn đề chung của xã hội nguyên thuỷ, hình thức tôn giáo sơ khai đến mộ...

Deskribapen osoa

Gorde:
Xehetasun bibliografikoak
Egile nagusia: Đặng, Nghiêm Vạn
Formatua: Liburua
Hizkuntza:Undetermined
Argitaratua: Hà Nội Giáo Dục 2000
Gaiak:
Etiketak: Etiketa erantsi
Etiketarik gabe, Izan zaitez lehena erregistro honi etiketa jartzen!
Thư viện lưu trữ: Trung tâm Học liệu Trường Đại học Cần Thơ
LEADER 01070nam a2200205Ia 4500
001 CTU_42534
008 210402s9999 xx 000 0 und d
020 |b 16.500đ 
082 |a 305.8 
082 |b V105 
100 |a Đặng, Nghiêm Vạn 
245 0 |a Dân tộc học đại cương 
245 0 |c Đặng Nghiêm Vạn (chủ biên), Nguyễn Văn Tiệp, Ngô Văn Lệ 
260 |a Hà Nội 
260 |b Giáo Dục 
260 |c 2000 
520 |a Trình bày những nội dung cơ bản của bộ môn dân tộc học, từ lịch sử hình thành đến các chỉ tiêu để xác định tộc người, và các loại hình cộng đồng người, từ các vấn đề chung của xã hội nguyên thuỷ, hình thức tôn giáo sơ khai đến một số vấn đề cụ thể ở Việt Nam. 
650 |a Ethnology,Dân tộc học 
904 |i Minh, Q. Hiếu (sửa) 
980 |a Trung tâm Học liệu Trường Đại học Cần Thơ